| 000 | 00716nam a2200229 a 4500 | ||
|---|---|---|---|
| 001 | 85029 | ||
| 003 | BD-RjUL | ||
| 005 | 20250622153606.0 | ||
| 008 | 250622s2025 bg ||||| |||| 00| 0 ben d | ||
| 020 | _a9789849884576 | ||
| 035 | _a(BD-RjUL)85029 | ||
| 040 |
_aBD-RjUL _beng _cBD-RjUL |
||
| 041 | _aben | ||
| 082 |
_223 _a297 _bAHS 2025 |
||
| 100 |
_aআহমদ, কাজী কামাল _915687 |
||
| 245 |
_aশয়তানের পলায়ন / _cকাজী কামাল আহমদ |
||
| 260 |
_aঢাকা : _bমাত্রাপ্রকাশ, _c২০২৫ |
||
| 300 |
_a৬২ পৃ.; _c২২ সেমি. |
||
| 650 | _aইসলাম | ||
| 650 | _aIslam | ||
| 942 |
_2ddc _cBK |
||
| 999 |
_c85029 _d85029 |
||